[Event "IRL-ch"]
[Site "Dublin"]
[Date "2018.08.12"]
[Round "9"]
[White "Short, Philip M"]
[Black "Daly, Colm"]
[Result "1-0"]
[WhiteElo "2333"]
[BlackElo "2329"]
[PlyCount "89"]
[EventDate "2018.08.04"]
[EventType "swiss"]
[EventRounds "9"]
[EventCountry "IRL"]
[SourceTitle "CBM 185 Extra"]
[Source "ChessBase"]
[SourceDate "2018.07.29"]
[SourceVersion "1"]
[SourceVersionDate "2018.07.29"]
[SourceQuality "1"]

1. d4 g6 2. e4 d6 3. Nf3 Nf6 4. Nbd2 Bg7 5. Be2 0-0 6. c3 Nbd7 7. 0-0 e5 8. dxe5 dxe5 9. Qc2 b6 10. a4 a5 11. Bc4 Bb7 12. Re1 Re8 13. b4 h6 14. Qb3 Qe7 15. Ba3 axb4 16. cxb4 Rf8 17. a5 c6 18. b5 Nc5 19. bxc6 Nxb3 20. Bxe7 Nxd2 21. cxb7 Nxc4 22. Bxf8 Rxf8 23. a6 Nd6 24. a7 Nxb7 25. a8Q Rxa8 26. Rxa8+ Bf8 27. Nxe5 Nc5 28. f3 Ncd7 29. Nxd7 Nxd7 30. Rd1 Nc5 31. Rdd8 Ne6 32. Rxf8+ Nxf8 33. Rb8 Kg7 34. Rxb6 g5 35. Kf2 f6 36. Rb7+ Kg6 37. Re7 h5 38. g3 h4 39. f4 hxg3+ 40. hxg3 gxf4 41. gxf4 Kh6 42. Kf3 Ng6 43. Rf7 Nh4+ 44. Kg4 Kg6 45. Rxf6+ 1-0

[Event "IRL-ch"]
[Site "Dublin"]
[Date "2018.08.08"]
[Round "5"]
[White "Short, Philip M"]
[Black "Collins, Sam E"]
[Result "1/2-1/2"]
[WhiteElo "2333"]
[BlackElo "2445"]
[PlyCount "113"]
[EventDate "2018.08.04"]
[EventType "swiss"]
[EventRounds "9"]
[EventCountry "IRL"]
[SourceTitle "CBM 185 Extra"]
[Source "ChessBase"]
[SourceDate "2018.07.29"]
[SourceVersion "1"]
[SourceVersionDate "2018.07.29"]
[SourceQuality "1"]

1. d4 Nf6 2. Nf3 g6 3. g3 Bg7 4. Bg2 0-0 5. 0-0 d6 6. c4 Nc6 7. Nc3 e5 8. d5 Nb8 9. e4 a5 10. h3 Na6 11. Be3 b6 12. Nd2 Bd7 13. a3 Qe8 14. b3 Nh5 15. Re1 f5 16. Nf1 Qf7 17. Bd2 Nc5 18. exf5 gxf5 19. Ra2 f4 20. Bc1 f3 21. Bh1 Bxh3 22. Re3 Bg2 23. Bxg2 fxg2 24. Nh2 Qg6 25. b4 axb4 26. axb4 Rxa2 27. Nxa2 Ne4 28. Rf3 Ra8 29. Qb3 Ng5 30. Bxg5 Qxg5 31. Qc2 Qg6 32. Qxg6 hxg6 33. Nc3 Ra1+ 34. Kxg2 Rc1 35. Ng4 e4 36. Nxe4 Rxc4 37. Ngf6+ Nxf6 38. Nxf6+ Bxf6 39. Rxf6 Kg7 40. Rf4 Rc2 41. Kf3 b5 42. Ke3 g5 43. Re4 Kf7 44. g4 Rc3+ 45. Kd2 Rb3 46. Ke2 Rb1 47. f3 Rb2+ 48. Ke3 Rb3+ 49. Ke2 Rb1 50. Kd2 Rb3 51. Ke2 Kf8 52. Rd4 Kg7 53. Re4 Kf7 54. Rd4 Rb2+ 55. Ke3 Rb3+ 56. Ke2 Rb2+ 57. Ke3 1/2-1/2

[Event "IRL-ch"]
[Site "Ennis"]
[Date "2017.08.05"]
[Round "8"]
[White "Short, Philip M"]
[Black "Wall, Gavin"]
[Result "1/2-1/2"]
[WhiteElo "2283"]
[BlackElo "2329"]
[PlyCount "26"]
[EventDate "2017.07.29"]
[EventType "swiss"]
[EventRounds "9"]
[EventCountry "IRL"]
[SourceTitle "CBM 179 Extra"]
[Source "ChessBase"]
[SourceDate "2017.08.23"]
[SourceVersion "1"]
[SourceVersionDate "2017.08.23"]
[SourceQuality "1"]

1. d4 f5 2. g3 Nf6 3. Bg2 g6 4. Nf3 Bg7 5. 0-0 0-0 6. b4 c6 7. c4 d6 8. Bb2 Nbd7 9. Qb3 h6 10. Nbd2 a5 11. a3 Kh7 12. Qc2 Nb6 13. Nh4 axb4 1/2-1/2

[Event "IRL-ch"]
[Site "Ennis"]
[Date "2017.08.03"]
[Round "6"]
[White "Short, Philip M"]
[Black "O'Donnell, Conor"]
[Result "1-0"]
[WhiteElo "2283"]
[BlackElo "2389"]
[PlyCount "109"]
[EventDate "2017.07.29"]
[EventType "swiss"]
[EventRounds "9"]
[EventCountry "IRL"]
[SourceTitle "CBM 179 Extra"]
[Source "ChessBase"]
[SourceDate "2017.08.23"]
[SourceVersion "1"]
[SourceVersionDate "2017.08.23"]
[SourceQuality "1"]

1. d4 d5 2. c4 e6 3. Nc3 c6 4. e3 Nf6 5. Nf3 Nbd7 6. Qc2 Bd6 7. Bd3 0-0 8. 0-0 dxc4 9. Bxc4 b5 10. Be2 Bb7 11. a3 a5 12. b3 Qb8 13. h3 b4 14. axb4 axb4 15. Rxa8 Bxa8 16. Na4 c5 17. Bb2 cxd4 18. Bxd4 Rc8 19. Qb1 Be4 20. Qa1 Bd5 21. Nd2 Qb7 22. Bf3 Bxf3 23. Nxf3 Qd5 24. Qb1 Ne4 25. Rd1 Qc6 26. Bb2 Nc3 27. Nxc3 bxc3 28. Bxc3 Qxc3 29. Rxd6 Nf6 30. Rd3 Qb4 31. Rd4 Qa3 32. Rc4 Rb8 33. Qc2 Qa6 34. Nd4 Nd5 35. Nc6 Re8 36. e4 Nb6 37. Rc5 Qa1+ 38. Kh2 g6 39. Ra5 Qf6 40. Ra7 e5 41. Rb7 Nc8 42. Rb8 Nd6 43. Rxe8+ Nxe8 44. Nb4 Qb6 45. Nd5 Qb5 46. Qc8 Kg7 47. Qd8 h5 48. Qe7 Qb8 49. b4 Kg8 50. Qxe8+ Qxe8 51. Nf6+ Kf8 52. Nxe8 Kxe8 53. Kg3 Kd7 54. f4 Kd6 55. fxe5+ 1-0

[Event "IRL-ch"]
[Site "Ennis"]
[Date "2017.08.02"]
[Round "5"]
[White "Astaneh Lopez, Alex"]
[Black "Short, Philip M"]
[Result "0-1"]
[WhiteElo "2431"]
[BlackElo "2283"]
[PlyCount "76"]
[EventDate "2017.07.29"]
[EventType "swiss"]
[EventRounds "9"]
[EventCountry "IRL"]
[SourceTitle "CBM 179 Extra"]
[Source "ChessBase"]
[SourceDate "2017.08.23"]
[SourceVersion "1"]
[SourceVersionDate "2017.08.23"]
[SourceQuality "1"]

1. Nf3 d5 2. d4 Nf6 3. Bf4 e6 4. e3 Bd6 5. Ne5 0-0 6. Nd2 c5 7. c3 Nc6 8. Ndf3 cxd4 9. exd4 Ne4 10. Bd3 f5 11. 0-0 Ne7 12. Re1 h6 13. h4 Bd7 14. Be2 Be8 15. Nd3 Bxf4 16. Nxf4 Qd6 17. Qc1 Rc8 18. a4 Nc6 19. Nd3 Qe7 20. Qe3 g5 21. hxg5 hxg5 22. Nfe5 Kg7 23. Nxc6 bxc6 24. Bf3 Rh8 25. g3 Bg6 26. Bg2 Qf6 27. f4 g4 28. Bxe4 fxe4 29. Ne5 Bf5 30. Kg2 Rh3 31. Qe2 Rch8 32. Rh1 e3 33. Rxh3 Rxh3 34. Nxg4 Qg6 35. Qxe3 Qxg4 36. Rg1 Be4+ 37. Kf2 Rh2+ 38. Ke1 Rxb2 0-1

[Event "IRL-ch"]
[Site "Ennis"]
[Date "2017.07.30"]
[Round "2"]
[White "Short, Philip M"]
[Black "Delaney, Killian"]
[Result "1/2-1/2"]
[WhiteElo "2283"]
[BlackElo "2247"]
[PlyCount "48"]
[EventDate "2017.07.29"]
[EventType "swiss"]
[EventRounds "9"]
[EventCountry "IRL"]
[SourceTitle "CBM 179 Extra"]
[Source "ChessBase"]
[SourceDate "2017.08.23"]
[SourceVersion "1"]
[SourceVersionDate "2017.08.23"]
[SourceQuality "1"]

1. d4 Nf6 2. c4 g6 3. Nf3 Bg7 4. g3 0-0 5. Bg2 c5 6. 0-0 cxd4 7. Nxd4 Nc6 8. Nc3 d6 9. Nc2 Be6 10. b3 Qd7 11. Bb2 Bh3 12. Rb1 Bxg2 13. Kxg2 e6 14. e4 Rfd8 15. Ne3 a6 16. Qe2 b5 17. cxb5 Nd4 18. Qd3 Nxb5 19. a4 Nxc3 20. Bxc3 Qb7 21. f3 d5 22. Bxf6 Bxf6 23. exd5 exd5 24. Rfd1 d4 1/2-1/2

[Event "Bunratty Masters op 24th"]
[Site "Bunratty"]
[Date "2017.02.19"]
[Round "5"]
[White "L'Ami, Alina"]
[Black "Short, Philip M"]
[Result "1-0"]
[WhiteElo "2324"]
[BlackElo "2239"]
[PlyCount "67"]
[EventDate "2017.02.17"]
[EventType "swiss"]
[EventRounds "6"]
[EventCountry "IRL"]
[SourceTitle "EXT 2018"]
[Source "ChessBase"]
[SourceDate "2017.10.13"]
[SourceVersion "1"]
[SourceVersionDate "2017.10.13"]
[SourceQuality "1"]

1. d4 c5 2. d5 e5 3. c4 d6 4. Nc3 Be7 5. Nf3 Nf6 6. h3 0-0 7. g4 a6 8. a4 Nbd7 9. e4 Ne8 10. Bd3 Nc7 11. g5 Re8 12. Be3 Nf8 13. Qd2 Ng6 14. h4 Bg4 15. Ng1 Rb8 16. h5 Nf8 17. f3 Bd7 18. Nge2 b5 19. b3 bxa4 20. bxa4 Rb4 21. Ng3 Qb8 22. Ra2 Rb3 23. Nf5 Qb4 24. Rc2 Na8 25. g6 fxg6 26. hxg6 hxg6 27. Nxe7+ Rxe7 28. f4 Nb6 29. fxe5 dxe5 30. Qf2 Rb1+ 31. Bc1 Bf5 32. 0-0 Rb3 33. Bd2 Nxa4 34. Nb5 1-0

[Event "Bunratty Masters op 24th"]
[Site "Bunratty"]
[Date "2017.02.18"]
[Round "3"]
[White "Gayson, Peter"]
[Black "Short, Philip M"]
[Result "1/2-1/2"]
[WhiteElo "2148"]
[BlackElo "2239"]
[PlyCount "76"]
[EventDate "2017.02.17"]
[EventType "swiss"]
[EventRounds "6"]
[EventCountry "IRL"]
[SourceTitle "EXT 2018"]
[Source "ChessBase"]
[SourceDate "2017.10.13"]
[SourceVersion "1"]
[SourceVersionDate "2017.10.13"]
[SourceQuality "1"]

1. e4 e6 2. d4 d5 3. Nd2 c5 4. Ngf3 Nf6 5. exd5 Qxd5 6. Bc4 Qd8 7. 0-0 cxd4 8. Nb3 Nc6 9. Nbxd4 Nxd4 10. Nxd4 Qc7 11. b3 a6 12. a4 Bd6 13. h3 0-0 14. Bb2 e5 15. Nf3 e4 16. Nd2 Be5 17. Bxe5 Qxe5 18. Qe2 Re8 19. Qe3 Bd7 20. Rfe1 Qc7 21. a5 Bc6 22. Nf1 Rad8 23. Qc3 Bb5 24. Ne3 Nd5 25. Nxd5 Rxd5 26. Rad1 Rc5 27. Rd4 Bxc4 28. Rxc4 Rxc4 29. Qxc4 Qxc4 30. bxc4 f5 31. Rb1 Re7 32. c5 Rc7 33. c6 Rxc6 34. Rxb7 Rc5 35. Rb8+ Kf7 36. Rb7+ Kf8 37. Rb8+ Kf7 38. Rb7+ Kf8 1/2-1/2

[Event "Bunratty Masters op 23rd"]
[Site "Bunratty"]
[Date "2016.02.20"]
[Round "3"]
[White "Heidenfeld, Mark"]
[Black "Short, Philip M"]
[Result "1-0"]
[WhiteElo "2370"]
[BlackElo "2298"]
[PlyCount "51"]
[EventDate "2016.02.19"]
[EventType "swiss"]
[EventRounds "6"]
[EventCountry "IRL"]
[SourceTitle "EXT 2017"]
[Source "ChessBase"]
[SourceDate "2016.10.25"]
[SourceVersion "1"]
[SourceVersionDate "2016.10.25"]
[SourceQuality "1"]

1. e4 e6 2. d4 d5 3. Nc3 Bb4 4. Nge2 dxe4 5. a3 Be7 6. Nxe4 Nf6 7. N2c3 0-0 8. g3 Nc6 9. Be3 Nxe4 10. Nxe4 f5 11. Nc3 Bf6 12. Ne2 Qd5 13. Rg1 Rd8 14. Bg2 Qb5 15. Bxc6 bxc6 16. b4 a5 17. c3 Qc4 18. f4 axb4 19. axb4 Rxa1 20. Qxa1 Ba6 21. Nc1 c5 22. bxc5 Rb8 23. Kf2 Bb7 24. Qa2 Qxc3 25. Ne2 Qd3 26. Qa7 1-0

[Event "Bunratty Masters op 23rd"]
[Site "Bunratty"]
[Date "2016.02.20"]
[Round "2"]
[White "Short, Philip M"]
[Black "Jones, Gawain C B"]
[Result "1/2-1/2"]
[WhiteElo "2298"]
[BlackElo "2629"]
[PlyCount "86"]
[EventDate "2016.02.19"]
[EventType "swiss"]
[EventRounds "6"]
[EventCountry "IRL"]
[SourceTitle "CBM 170 Extra"]
[Source "ChessBase"]
[SourceDate "2016.02.25"]
[SourceVersion "1"]
[SourceVersionDate "2016.02.25"]
[SourceQuality "1"]

1. d4 Nf6 2. Nf3 g6 3. g3 Bg7 4. c4 0-0 5. Bg2 d6 6. 0-0 Nc6 7. Nc3 Rb8 8. Bf4 a6 9. Rc1 h6 10. d5 e5 11. dxe6 fxe6 12. Bd2 e5 13. Ne1 g5 14. Nd5 Bf5 15. Nxf6+ Rxf6 16. b4 Qd7 17. Bc3 Be6 18. Bd5 Ne7 19. Bxe6+ Qxe6 20. e4 b5 21. cxb5 axb5 22. Qe2 c6 23. a3 Ra8 24. Bb2 g4 25. Ng2 h5 26. Rc3 Bh6 27. f4 gxf3 28. Rcxf3 Rxf3 29. Qxf3 Rf8 30. Qxh5 Rxf1+ 31. Kxf1 Kg7 32. Qe2 Ng6 33. Ne3 Bxe3 34. Qxe3 Qh3+ 35. Kg1 Qg4 36. Qd3 Nf4 37. Qxd6 Nh3+ 38. Kg2 Nf4+ 39. Kg1 Nh3+ 40. Kg2 Qe2+ 41. Kxh3 Qh5+ 42. Kg2 Qe2+ 43. Kh3 Qh5+ 1/2-1/2

[Event "Munster-ch"]
[Site "Ennis"]
[Date "2015.09.20"]
[Round "4.2"]
[White "Kiely, Paul"]
[Black "Short, Philip M"]
[Result "0-1"]
[WhiteElo "1959"]
[BlackElo "2312"]
[PlyCount "40"]
[EventDate "2015.09.18"]
[EventType "swiss"]
[EventRounds "5"]
[EventCountry "IRL"]
[SourceTitle "EXT 2023"]
[Source "ChessBase"]
[SourceDate "2022.10.05"]
[SourceVersion "1"]
[SourceVersionDate "2022.10.05"]
[SourceQuality "1"]

1. e4 e6 2. Qe2 Nf6 3. g3 d5 4. d3 Be7 5. Bg2 0-0 6. f4 b6 7. Nf3 dxe4 8. dxe4 Ba6 9. c4 Nc6 10. e5 Bb4+ 11. Bd2 Nd7 12. Bxb4 Nxb4 13. a3 Nc6 14. Qc2 Nc5 15. 0-0 Nd4 16. Nxd4 Qxd4+ 17. Kh1 Rad8 18. Nc3 Qxc4 19. Rac1 Qb3 20. Rg1 Nd3 0-1

[Event "Munster-ch"]
[Site "Ennis"]
[Date "2015.09.19"]
[Round "2.1"]
[White "Carlile, Orison"]
[Black "Short, Philip M"]
[Result "0-1"]
[WhiteElo "2034"]
[BlackElo "2312"]
[PlyCount "52"]
[EventDate "2015.09.18"]
[EventType "swiss"]
[EventRounds "5"]
[EventCountry "IRL"]
[SourceTitle "EXT 2023"]
[Source "ChessBase"]
[SourceDate "2022.10.05"]
[SourceVersion "1"]
[SourceVersionDate "2022.10.05"]
[SourceQuality "1"]

1. e4 e6 2. d4 d5 3. exd5 exd5 4. c4 Nf6 5. Nc3 Be7 6. Nf3 0-0 7. cxd5 Nxd5 8. Bd3 Nc6 9. 0-0 Be6 10. Re1 Qd7 11. Bb5 Bf6 12. Ne4 Bg4 13. Nxf6+ Nxf6 14. h3 Bh5 15. Be3 Bxf3 16. gxf3 Qd5 17. Bxc6 Qxc6 18. Rc1 Qd7 19. Bf4 Nd5 20. Bg3 c6 21. Re4 f5 22. Rh4 f4 23. Bh2 Rae8 24. Qd2 Qe7 25. Rg4 Qe2 26. Rd1 Qxf3 0-1

[Event "IRL-ch"]
[Site "Dublin"]
[Date "2015.07.05"]
[Round "2"]
[White "Short, Philip M"]
[Black "O'Connell, Gerard"]
[Result "1-0"]
[WhiteElo "2294"]
[BlackElo "2106"]
[PlyCount "68"]
[EventDate "2015.07.04"]
[EventType "swiss"]
[EventRounds "9"]
[EventCountry "IRL"]
[SourceTitle "CBM 167 Extra"]
[Source "ChessBase"]
[SourceDate "2015.09.14"]
[SourceVersion "1"]
[SourceVersionDate "2015.09.14"]
[SourceQuality "1"]

1. d4 Nf6 2. c4 g6 3. g3 Bg7 4. Bg2 d5 5. cxd5 Nxd5 6. e4 Nb6 7. Ne2 e5 8. d5 0-0 9. 0-0 f5 10. Nbc3 N8d7 11. exf5 gxf5 12. f4 e4 13. g4 Nf6 14. gxf5 Bxf5 15. Ng3 Qd7 16. Ncxe4 Nxe4 17. Nxe4 Rae8 18. Ng3 Bh3 19. Bxh3 Qxh3 20. Qf3 Nc4 21. Qg2 Bd4+ 22. Kh1 Qxg2+ 23. Kxg2 Bxb2 24. Bxb2 Nxb2 25. Rfb1 Nc4 26. Rxb7 Ne3+ 27. Kh1 Nxd5 28. f5 Re3 29. Rd1 c6 30. Rxa7 Rfe8 31. Rg1 Kh8 32. a4 Nf4 33. f6 Rf8 34. Nf5 Ng6 1-0

[Event "Bunratty Masters op 22nd"]
[Site "Bunratty"]
[Date "2015.02.21"]
[Round "3"]
[White "Quinn, Rory"]
[Black "Short, Philip M"]
[Result "0-1"]
[WhiteElo "2121"]
[BlackElo "2294"]
[PlyCount "56"]
[EventDate "2015.02.20"]
[EventType "swiss"]
[EventRounds "6"]
[EventCountry "IRL"]
[SourceTitle "CBM 165 Extra"]
[Source "ChessBase"]
[SourceDate "2015.04.21"]
[SourceVersion "1"]
[SourceVersionDate "2015.04.21"]
[SourceQuality "1"]

1. e4 e6 2. d4 d5 3. Nc3 Nf6 4. Bg5 dxe4 5. Bxf6 gxf6 6. Nxe4 f5 7. Ng3 c5 8. Nf3 Nc6 9. dxc5 Qxd1+ 10. Rxd1 Bxc5 11. Bb5 Bd7 12. Nh5 Ke7 13. Nf6 Bc8 14. Nh5 f6 15. 0-0 Ne5 16. Nd4 a6 17. Be2 Bd7 18. Nf4 Ng6 19. Nh5 Rad8 20. Bf3 Bc8 21. Nb3 Bb6 22. h3 Nh4 23. Be2 Bd7 24. Rfe1 Rhg8 25. Nf4 Bc7 26. Nd5+ exd5 27. Bc4+ Be6 28. Bxd5 Rxd5 0-1

[Event "Bunratty Masters op 22nd"]
[Site "Bunratty"]
[Date "2015.02.21"]
[Round "4"]
[White "Short, Philip M"]
[Black "L'Ami, Alina"]
[Result "0-1"]
[WhiteElo "2294"]
[BlackElo "2392"]
[PlyCount "48"]
[EventDate "2015.02.20"]
[EventType "swiss"]
[EventRounds "6"]
[EventCountry "IRL"]
[SourceTitle "CBM 165 Extra"]
[Source "ChessBase"]
[SourceDate "2015.04.21"]
[SourceVersion "1"]
[SourceVersionDate "2015.04.21"]
[SourceQuality "1"]

1. d4 Nf6 2. c4 g6 3. Nc3 Bg7 4. e4 d6 5. Nf3 0-0 6. Be2 e5 7. 0-0 Nc6 8. d5 Ne7 9. Bd2 Nh5 10. Rc1 Nf4 11. Bxf4 exf4 12. b4 f5 13. Ng5 Bh6 14. Ne6 Bxe6 15. dxe6 fxe4 16. Nxe4 f3 17. Bxf3 Bxc1 18. Qxc1 Nc6 19. Qg5 Qxg5 20. Nxg5 Rf5 21. Nf7 Kf8 22. Re1 Ke7 23. a3 Rb8 24. Nh6 Re5 0-1

[Event "Bunratty Masters op 22nd"]
[Site "Bunratty"]
[Date "2015.02.20"]
[Round "1"]
[White "Fehr, Jukka"]
[Black "Short, Philip M"]
[Result "1-0"]
[WhiteElo "1973"]
[BlackElo "2294"]
[PlyCount "95"]
[EventDate "2015.02.20"]
[EventType "swiss"]
[EventRounds "6"]
[EventCountry "IRL"]
[SourceTitle "CBM 165 Extra"]
[Source "ChessBase"]
[SourceDate "2015.04.21"]
[SourceVersion "1"]
[SourceVersionDate "2015.04.21"]
[SourceQuality "1"]

1. d4 Nf6 2. Nf3 g6 3. c4 Bg7 4. Nc3 0-0 5. e4 d6 6. Be2 Nbd7 7. h3 e5 8. Be3 a5 9. dxe5 dxe5 10. Qc2 c6 11. Rd1 Qe7 12. 0-0 Ne8 13. Rfe1 f5 14. exf5 gxf5 15. Bg5 Qf7 16. Na4 c5 17. Bd8 e4 18. Ng5 Qg6 19. h4 h6 20. h5 Qc6 21. Nh3 Bd4 22. Nf4 Nef6 23. Bxf6 Nxf6 24. Nc3 Be6 25. Nb5 Rad8 26. Qc1 Kh7 27. Ng6 Rfe8 28. Qf4 Rd7 29. Rxd4 cxd4 30. Qe5 Bf7 31. Qxf5 Kg7 32. Ne5 Rxe5 33. Qxe5 d3 34. Bg4 Rd8 35. Nd4 Rxd4 36. Qxd4 Qxc4 37. Rxe4 Qxd4 38. Rxd4 Bxa2 39. Bf3 Bb1 40. Kf1 b5 41. Rd6 a4 42. Rb6 Kf7 43. Ke1 Nd7 44. Rb7 Ke6 45. Bg4+ Kd5 46. Bxd7 Kc4 47. Be6+ Kb4 48. Kd2 1-0

[Event "IRL-ch"]
[Site "Dublin"]
[Date "2014.07.12"]
[Round "8"]
[White "Short, Philip M"]
[Black "Wallace, Paul Anthony"]
[Result "1-0"]
[WhiteElo "2274"]
[BlackElo "2170"]
[PlyCount "51"]
[EventDate "2014.07.05"]
[EventType "swiss"]
[EventRounds "9"]
[EventCountry "IRL"]
[SourceTitle "CBM 161 Extra"]
[Source "ChessBase"]
[SourceDate "2014.08.29"]
[SourceVersion "1"]
[SourceVersionDate "2014.08.29"]
[SourceQuality "1"]

1. d4 Nf6 2. c4 g6 3. Nc3 Bg7 4. e4 d6 5. f4 0-0 6. Nf3 c5 7. dxc5 Qa5 8. Bd3 Qxc5 9. Qe2 Bg4 10. Be3 Qa5 11. 0-0 Nc6 12. Rac1 e5 13. Qf2 exf4 14. Bxf4 Bxf3 15. gxf3 Ne5 16. Be2 Nh5 17. Bd2 f5 18. f4 fxe4 19. Nxe4 Qd8 20. Qg2 Nxf4 21. Bxf4 Qb6+ 22. Kh1 Qxb2 23. Bxe5 Bxe5 24. Bf3 Qa3 25. Rb1 Rf4 26. Ng5 1-0

[Event "IRL-ch"]
[Site "Dublin"]
[Date "2014.07.09"]
[Round "5"]
[White "Short, Philip M"]
[Black "Brady, Stephen"]
[Result "1/2-1/2"]
[WhiteElo "2274"]
[BlackElo "2338"]
[PlyCount "36"]
[EventDate "2014.07.05"]
[EventType "swiss"]
[EventRounds "9"]
[EventCountry "IRL"]
[SourceTitle "CBM 161 Extra"]
[Source "ChessBase"]
[SourceDate "2014.08.29"]
[SourceVersion "1"]
[SourceVersionDate "2014.08.29"]
[SourceQuality "1"]

1. d4 Nf6 2. c4 e6 3. Nc3 Bb4 4. e3 b6 5. Nge2 Ba6 6. a3 Be7 7. Ng3 d5 8. Be2 dxc4 9. 0-0 0-0 10. Qc2 Nbd7 11. Qa4 Qc8 12. Bxc4 Bxc4 13. Qxc4 c5 14. dxc5 Qxc5 15. Qe2 Rfd8 16. Nb5 Ne5 17. Nd4 Rac8 18. b3 Qd5 1/2-1/2

[Event "Bunratty Masters op 21st"]
[Site "Bunratty"]
[Date "2014.02.08"]
[Round "2"]
[White "Short, Philip M"]
[Black "Jones, Gawain C B"]
[Result "0-1"]
[WhiteElo "2274"]
[BlackElo "2648"]
[PlyCount "64"]
[EventDate "2014.02.07"]
[EventType "swiss"]
[EventRounds "6"]
[EventCountry "IRL"]
[SourceTitle "CBM 158 Extra"]
[Source "ChessBase"]
[SourceDate "2014.02.28"]
[SourceVersion "1"]
[SourceVersionDate "2014.02.28"]
[SourceQuality "1"]

1. d4 Nf6 2. c4 g6 3. Nc3 Bg7 4. e4 d6 5. Be2 0-0 6. Bg5 Na6 7. Qd2 c6 8. Bd1 b5 9. cxb5 cxb5 10. Bc2 b4 11. Nd1 d5 12. e5 Ne4 13. Bxe4 dxe4 14. Ne2 f6 15. exf6 exf6 16. Be3 Nc7 17. Qxb4 Nd5 18. Qa3 Rf7 19. Ndc3 Nxe3 20. fxe3 Rb8 21. Nxe4 Re7 22. Nc5 Bg4 23. Rd1 f5 24. Qc3 Qe8 25. Rd3 Bh6 26. h3 Bxe3 27. hxg4 Bf2+ 28. Kxf2 Rxe2+ 29. Kg3 Rbxb2 30. Rg1 Qb8+ 31. Kh3 Qf4 32. gxf5 g5 0-1

[Event "Bunratty Masters op 21st"]
[Site "Bunratty"]
[Date "2014.02.07"]
[Round "1"]
[White "Keogh, Eamon"]
[Black "Short, Philip M"]
[Result "0-1"]
[WhiteElo "1994"]
[BlackElo "2274"]
[PlyCount "66"]
[EventDate "2014.02.07"]
[EventType "swiss"]
[EventRounds "6"]
[EventCountry "IRL"]
[SourceTitle "CBM 158 Extra"]
[Source "ChessBase"]
[SourceDate "2014.02.28"]
[SourceVersion "1"]
[SourceVersionDate "2014.02.28"]
[SourceQuality "1"]

1. d4 d5 2. g3 c5 3. Bg2 Nf6 4. Nf3 cxd4 5. 0-0 e6 6. Nxd4 Be7 7. c4 0-0 8. cxd5 Nxd5 9. e4 Nb4 10. Nc3 N8c6 11. Nxc6 Nxc6 12. Be3 Qa5 13. Qb3 Rd8 14. Rad1 Bd7 15. Qb5 Bb4 16. Qxa5 Nxa5 17. Bd4 Nc6 18. Ne2 Nxd4 19. Nxd4 Rac8 20. Rc1 Be8 21. Rxc8 Rxc8 22. a3 Be7 23. e5 b6 24. Rd1 Rd8 25. Rd2 Bc5 26. Nb3 Rxd2 27. Nxd2 Bd4 28. Nc4 b5 29. Nd6 Bd7 30. Bf1 a6 31. a4 bxa4 32. Nc4 Bb5 33. Kg2 Bxb2 0-1

[Event "Kilkenny Masters"]
[Site "Kilkenny"]
[Date "2013.11.24"]
[Round "6"]
[White "Heidenfeld, Mark"]
[Black "Short, Philip M"]
[Result "1/2-1/2"]
[WhiteElo "2366"]
[BlackElo "2274"]
[PlyCount "33"]
[EventDate "2013.11.22"]
[EventType "swiss"]
[EventRounds "6"]
[EventCountry "IRL"]
[SourceTitle "EXT 2015"]
[Source "ChessBase"]
[SourceDate "2014.11.20"]
[SourceVersion "1"]
[SourceVersionDate "2014.11.20"]
[SourceQuality "1"]

1. e4 e6 2. d4 d5 3. Nc3 Bb4 4. exd5 exd5 5. Bd3 Nf6 6. a3 Be7 7. h3 0-0 8. Nge2 b6 9. Nf4 Ba6 10. 0-0 c6 11. Re1 Bd6 12. Qf3 Qc7 13. Bxa6 Nxa6 14. Nd3 Nb8 15. Bf4 Bxf4 16. Qxf4 Qxf4 17. Nxf4 1/2-1/2

[Event "Kilkenny Masters"]
[Site "Kilkenny"]
[Date "2013.11.24"]
[Round "5"]
[White "Short, Philip M"]
[Black "Rusev, Krasimir"]
[Result "0-1"]
[WhiteElo "2274"]
[BlackElo "2540"]
[PlyCount "94"]
[EventDate "2013.11.22"]
[EventType "swiss"]
[EventRounds "6"]
[EventCountry "IRL"]
[SourceTitle "EXT 2015"]
[Source "ChessBase"]
[SourceDate "2014.11.20"]
[SourceVersion "1"]
[SourceVersionDate "2014.11.20"]
[SourceQuality "1"]

1. d4 Nf6 2. c4 e6 3. Nf3 Nc6 4. Nc3 Bb4 5. Bd2 d6 6. a3 Bxc3 7. Bxc3 Ne4 8. Qc2 Nxc3 9. Qxc3 0-0 10. g3 a5 11. Bg2 a4 12. 0-0 Qe7 13. e4 e5 14. d5 Nb8 15. Nd2 Na6 16. f4 f6 17. f5 Bd7 18. g4 b5 19. Rfe1 bxc4 20. Bf1 Nc5 21. Bxc4 Rfb8 22. b4 axb3 23. Nxb3 Na4 24. Qc2 Ra7 25. Reb1 Rba8 26. Be2 Qd8 27. Nd2 Nc5 28. Qc3 c6 29. Bc4 Kh8 30. Rb4 Qc7 31. Qc1 Be8 32. h3 h6 33. h4 Qd8 34. Qc3 Na6 35. Bxa6 Rxa6 36. dxc6 Rxc6 37. Qd3 Bf7 38. Nc4 Qc7 39. Ne3 Rc3 40. Qd2 Raxa3 41. Rxa3 Rxa3 42. Kf2 Qa7 43. Rb2 Bc4 44. Rc2 Bd3 45. Rc3 Bxe4 46. Rc8+ Kh7 47. g5 Bxf5 0-1

[Event "Cork op"]
[Site "Cork"]
[Date "2013.04.20"]
[Round "4"]
[White "Short, Philip M"]
[Black "Short, Stephen"]
[Result "1-0"]
[WhiteElo "2260"]
[BlackElo "1955"]
[PlyCount "97"]
[EventDate "2013.04.19"]
[EventType "swiss"]
[EventRounds "6"]
[EventCountry "IRL"]
[SourceTitle "CBM 154 Extra"]
[Source "ChessBase"]
[SourceDate "2013.06.25"]
[SourceVersion "2"]
[SourceVersionDate "2013.06.25"]
[SourceQuality "1"]

1. d4 Nf6 2. Bg5 Ne4 3. Bf4 d5 4. Nd2 Bf5 5. Ngf3 h6 6. e3 Nd7 7. h3 e6 8. Be2 Bd6 9. Bxd6 Nxd6 10. c4 Nxc4 11. Nxc4 dxc4 12. Bxc4 c6 13. 0-0 0-0 14. Qe2 Nb6 15. Bb3 Qf6 16. e4 Bh7 17. Qe3 Rad8 18. Rad1 Rfe8 19. Ne5 Nd7 20. f4 Qe7 21. Nc4 Nf6 22. e5 Nd5 23. Qf2 Rd7 24. Nd6 Rxd6 25. exd6 Qxd6 26. Qf3 Nf6 27. Rfe1 Bg6 28. Rd2 Rd8 29. a3 c5 30. Red1 Ne4 31. Re2 Nf6 32. d5 c4 33. dxe6 Qb6+ 34. Qf2 cxb3 35. Rxd8+ Qxd8 36. e7 Qd7 37. g4 Bd3 38. Rd2 Qxe7 39. Rxd3 Qe6 40. Qe3 Qc6 41. Rxb3 Nd5 42. Qd2 Qc4 43. Rf3 Qe4 44. Qd3 Qe1+ 45. Rf1 Qa5 46. Rd1 Nb6 47. Qe3 Qb5 48. Rd8+ Kh7 49. Qd3+ 1-0